Derecho individual del trabajo

Bibliographic Details
Main Author: Herrera Vergara, Jos ̌Roberto
Other Authors: Camacho Ramr̕ez, Adriana
Format: eBook
Language:Spanish
Published: Bogot:̀ Editorial Universidad de Rosario (Colombia), 2019
Subjects:
Online Access:Acceso restringido

MARC

LEADER 00000nam a22000007a 4500
005 20200109214344.0
007 cr|||| |||
008 200109s2019 co |||||s|||| 00||0 spa d
020 |a 978-958-784-315-6 
035 |a 30923 
040 |a vLex 
090 |c 10095  |d 10095 
100 1 |a Herrera Vergara, Jos ̌Roberto 
245 1 0 |a Derecho individual del trabajo  |h [Recurso electrn̤ico] /  |c Jos ̌Roberto Herrera Vergara, Adriana Camacho Ramr̕ez 
256 |a Servicio en ln̕ea 
260 |a Bogot:̀  |b Editorial Universidad de Rosario (Colombia),  |c 2019 
300 |a 1 recurso electrn̤ico 
500 |a Esta compilacin̤ presenta diecisǐs capt̕ulos que exponen las reflexiones, debates y propuestas de soluciones que cada autor plantea empleando una metodologa̕ de investigacin̤ cualitativa con enfoque dogmt̀ico. De esta manera, cada asunto se abord ̤mediante el empleo del pensamiento lg̤ico, el anl̀isis y la comprensin̤ de los conceptos, la consulta de las fuentes doctrinales, normativas y jurisprudenciales ms̀ importantes de cada tema, afrontando las problemt̀icas culturales, histr̤icas y prc̀ticas, as ̕como empleando, en algunas materias, un anl̀isis de derecho comparado que permita entender an︢ ms̀ los avances o falencias del derecho estudiado. Los mťodos subyacentes corresponden al anl̀isis lg̤ico, sistemt̀ico, ideolg̤ico y empr̕ico de cada autor y son fruto de su experiencia en el litigio, su trabajo en las Altas Cortes, la academia, en el sector privado y, en general, del conocimiento de la realidad colombiana. Palabras clave: Derecho individual, derecho del trabajo, derecho laboral, profesores de derecho laboral, expertos laborales, Colombia. 
506 1 |a Disponible solo en los productos indicados  |d vLex Global  |d vLex Global (Academic Edition, excluding Law Schools)  |d vLex Global (U.S. Academic Edition, Law Schools)  |d vLex Global (U.S. Academic Edition, excluding Law Schools)  |d vLex Global (Academic Edition, Law Schools) 
650 0 4 |a Derecho Laboral y Seguridad Social  |z Colombia 
700 1 |a Camacho Ramr̕ez, Adriana 
740 0 |a vLex Libros (Servicio en ln̕ea) 
856 4 0 |u http://vlex.com/source/derecho-individual-del-trabajo-30923  |z Acceso restringido 
942 |c BOOK 
999 0 |a Labor law and social security